00540nam a2200169 4500008004100000020001800041020001500059041001200074050002500086100001900111245007900130260004300209300003600252440003600288650002200324700002400346190128b xxu||||| |||| 00| 0 eng d a9789966344854 a9966342583 aSwahili aPL8704 .A2bW35 2007 aWalibora, Ken  aDamu nyeusi : bna hadithi nyingine /cKen Walibora and Said Ahmed Mohamed aNairobi : bMoran Publishers, cc2007. aVIII, 124 p. :bill. ; c24 cm. aToleo la shule lililoidhinishwa aKiswahilixFasihi aMohamed Said Ahmed